| 000 | 00995nam a2200205 i 4500 | ||
|---|---|---|---|
| 001 | 157152 | ||
| 003 | ES-MaACL | ||
| 005 | 20251220190208.0 | ||
| 008 | 000630s1851 sp |||| | spa d | ||
| 080 | _a061.235(460.27 M.).055.5 | ||
| 110 | 2 |
_aReal Sociedad Económica Matritense de Amigos del País. _96389 |
|
| 245 | 1 | 0 |
_aResumen histórico de las tareas de la Sociedad Económica Matritense durante el año 1850 / _cpor Ildefonso Larroche y Siera . _bDiscurso sobre el objeto y tendencias de las tareas de la misma sociedad / por Mateo Seoane. |
| 260 |
_aMadrid : _b[s.n.], _c1851 ( _fImp. del Colegio de Sordo-Mudos) |
||
| 300 |
_a27 p. ; _c21 cm. |
||
| 610 | 2 | 7 |
_aReal Sociedad Económica Matritense de Amigos del País- _vMemorias _2 _9145026 |
| 700 | 1 |
_aLarroche y Siera, Ildefonso. _9128707 |
|
| 700 | 1 |
_aSeoane, Mateo, _d1791-1870 _9132650 |
|
| 852 | 4 |
_aES-MaACL _jT-34-F-12 _z- Enc. hol., falto de cub. original _z- Enc. en un vol. facticio |
|
| 999 |
_c157152 _d157152 |
||